000 02423nam a2200397 i 4500
003 DO-SdBPM
005 20260210125400.0
006 a||||gr|||| 00| 0
007 ta
008 230807e2013 dr ac||| |||| 00| 0 spa d
020 _a9789945445114
040 _aDO-SdBPM
_bspa
_cBPMSU
_erda
_d
082 4 _a923.27293
_bD812p 2013
_222
100 1 _aPérez y Pérez, Rafael L.,
_b1955-
_eautor
245 1 0 _aJuan Pablo Duarte :
_bmúltiple y humano /
_cRafael L. Pérez y Pérez.
250 _aPrimera edición
264 1 _aSanto Domingo :
_bEdita Libros,
_c2013
300 _a93 páginas :
_bilustraciones, retratos ;
_c22 cm.
336 _2rdacontent
_atexto
_btxt
337 _2rdamedia
_asin mediación
_bn
338 _2rdacarrier
_avolumen
_bnc
500 _aImágenes de la portada: colección "La República Inmortal de Duarte".
500 _aIncluye referencias bibliográficas y notas al pie de las páginas
500 _aBiografía del general de brigada médico internista-oncólogo Dr. Rafael Leónidas Pérez y Pérez, E. N. Abogado politólogo, historiador y escritor.
504 _aIncluye referencias bibliográficas.
505 2 _aOpiniones, vii.-- Prólogo, ix.-- Fechas de nacimiento y muerte de miembros de la familia Duarte-Díez, 17.-- Bibliografía, 21.-- General Juan Pablo Duarte y Díez, E.N., 23.-- Aclaraciones sobre el juramento trinitario, 27.-- Bibliografía, 37.-- El pensamiento constitucional de Duarte y su concepto del Estado, 39.-- Bibliografía, 51.-- Juan Pablo Duarte y el concepto felicidad en su ideario, 53.-- ¨Duarte y su devoción por la Virgen de la Altagracia, 61.-- Palabras de exaltación al fundador de la República, general Juan Pablo Duarte, 67.-- Palabras a nombre del Ministerio de las Fuerzas Armadas, 73.-- Bibliografía, 77.-- Cronología de Juan Pablo Duarte y Díez, fundador de la República, 79.-- Bibliografía, 83.-- ¿Una neibera vio nacer La Trinitaria?, 85.-- Biografía, 91.
590 _aInventariado 2026 / VM
600 1 4 _a Duarte, Juan Pablo,
_d1813-1876.
650 4 _aEstadistas
_zRepública Dominicana
_vBiografías
651 4 _aRepública Dominicana
_xHistoria
_y1844-1930
651 z _aDominican Republic --
_xHistory --
_y1844-1930
700 1 _aSuazo Ruiz, Sócrates,
_eprólogo.
710 1 _aRepública Dominicana
_b.Ministerio de las Fuerza Armadas
910 _aVMateo V. Control de calidad BPMSU
942 _2ddc
_cBK
999 _c15679
_d15679